01012nam a22002417a 4500999001500000003000900015008004100024020001800065040007100083082002400154100001800178245005800196260005900254300002600313505019400339650002800533650002700561650002200588700003700610942001600647945001000663952009700673 c4307d4307AR-CdUCM190308b ||||| |||| 00| 0 spa d a9972-755-14-2 aMUNICIPALIDAD PROVINCIAL DEL CUSCOcBIBLIOTECA MUNICIPAL DEL CUSCO 23 ed.a869.5 /bM14 aMacera, Pablo aLa Ciudad y el tiempo :bPisco, Porras y Valdelomar / aLima :bFondo Editorial del Congreso del Perú,c1999 a100 paginas ;c20 cm. aContenido :Conferencias dadas en Pisco por Pablo Macera y Waldemar Espinoza sobre Raúl Porras Barrenechea, y por Manuel M. de Priego y Ricardo Silva-Santisteban sobre Abraham Valdelomar / aLiteratura peruana9169 aHistoria urbana913611 aConferencias9376 aEspinoza Soriano, Waldemar91898 2ddccLIBROS arjall 002ddc4070aSHbSHcCARTd2019-03-08g16.00o869.5 / M14pSH0000004761r2019-03-08yLIBROS